| 000 | 01619nab a22002417a 4500 | ||
|---|---|---|---|
| 999 |
_c5259 _d5259 |
||
| 003 | OSt | ||
| 005 | 20250209212212.0 | ||
| 008 | 190603e xxum|||| |||| 00| 0 spa d | ||
| 040 | _cPJ | ||
| 100 |
_96311 _aFurundarena, Mariano D. |
||
| 245 | 1 | 0 |
_a La declaración de inconstitucionalidad de oficio y el principio de congruencia. Análisis de la doctrina legal de la Suprema Corte de la Provincia de Buenos Aires en materia de actualización monetaria sentada en el caso "Barrios" / _cMariano D. Furundarena. |
| 260 |
_cCiudad Autónoma de Buenos Aires : _aThomson Reuters La Ley, _b2025. |
||
| 300 | _ap. 267-278. | ||
| 500 | _aCita Online: TR LALEY AR/DOC/29/2025. Publicado en: RCCyC 2025 (febrero) , 267. | ||
| 505 | _a Sumario: I. Introducción.— II. La doctrina legal sentada en el caso "Barrios".— III. El principio de congruencia y la pretensión procesal.— IV. En principio de congruencia y la declaración de inconstitucionalidad de oficio.— V. La declaración de inconstitucionalidad de oficio de la prohibición de indexar.— VI. Las conclusiones de las XXIX Jornadas Nacionales de Derecho Civil sobre el tema en análisis.— VII. Palabras finales. | ||
| 505 | _t¿Te interesa el texto completo? Solicitalo al correo: koha@justierradelfuego.gov.ar | ||
| 650 | 0 |
_94597 _aCONSTITUCIONALIDAD |
|
| 650 | 0 |
_93833 _aPRINCIPIO DE CONGRUENCIA |
|
| 650 | 0 |
_96312 _aCONVERTIBILIDAD |
|
| 653 | _aACTUALIZACION MONETARIA | ||
| 773 | 0 |
_02713 _93170 _dCiudad Autónoma de Buenos Aires : Thomson Reuters La Ley, 2015- _tRevista Código Civil y Comercial. Nº 1 - Febrero 2025 |
|
| 942 |
_2udc _cANA |
||